| 000 | 00811nam a2200265 a 4500 | ||
|---|---|---|---|
| 001 | 000027180 | ||
| 003 | OSt | ||
| 005 | 20240409073641.0 | ||
| 008 | 110330s1954 dr 000 0 spa d | ||
| 040 |
_aDO-SdBNP _bspa _cBNPHU |
||
| 041 | _heng | ||
| 082 |
_a923.17293 _bT866n, 1954 |
||
| 100 | 1 |
_aNanita, Abelardo R. _945855 _d1943- |
|
| 245 | 1 | 0 |
_aTrujillo / _cAbelardo R. Nanita. |
| 250 | _a5a ed. | ||
| 260 |
_aCiudad Trujillo, República Dominicana : _bEditora del Caribe , _c1954. |
||
| 300 |
_a385 p. ; _c23 cm. |
||
| 500 | _aIncluye referencias bibliográficas y notas al pie de las páginas | ||
| 500 | _aTexto en inglés | ||
| 590 | _aInventariado,2020/VM | ||
| 600 | 1 | 0 |
_aTrujillo Molina, Rafael Leónidas, _d 1891-1961 _976764 |
| 910 | _aEn proceso | ||
| 942 |
_2ddc _cLF1 |
||
| 956 | _aVMateo | ||
| 999 |
_c26672 _d26672 |
||